| 000 | 00545nam a2200193Ia 4500 | ||
|---|---|---|---|
| 003 | OSt | ||
| 005 | 20200730145111.0 | ||
| 008 | 190216s9999||||xx |||||||||||||| ||und|| | ||
| 020 | _a0852264321 | ||
| 040 | _coclc | ||
| 082 |
_a515.35 _bJAI/N |
||
| 100 |
_aJain, M K _93888 |
||
| 245 | 0 |
_aNumerical Solutions Of Differential Equations / _cM K Jain |
|
| 250 | _a2nd Ed. | ||
| 260 |
_bWiley Eastern Ltd, _c1987. _aNew Delhi: |
||
| 300 | _a698p | ||
| 650 | _aMathematics | ||
| 942 |
_cBK _2ddc _h515.35 _iJAI/N _k515.35 _mJAI/N |
||
| 999 |
_c30942 _d30942 |
||